000 00329 a2200157 4500
001 164105
020 _a
040 _cMagnum
100 _aCarvalho, Andre
240 1 0 _aBreve historia de minas
_lpor
245 1 0 _aBreve historia de minas
362 0 _a1899
440 1 _aLĂȘ
697 _aORGANIZACAO SOCIAL
942 _cBK
999 _c164105
_d164105